Quiz o flagach Ameryki Południowej - Statystyki

Ogólne statystyki
  • Ten quiz został rozwiązany 43 razy
  • Średni wynik to 10 z 12
Statystyki odpowiedzi
Zagadnienie Odpowiedź % Poprawnych
Gujana
100%
Brazylia
100%
Chile
100%
Panama
86%
Argentyna
86%
Kolumbia
86%
Wenezuela
86%
Surinam
86%
Ekwador
86%
Urugwaj
86%
Peru
71%
Boliwia
71%
Nie znaleziono quizów pasujących do podanych kryteriów
Rozkład punktacji
Procent ludzi z każdym wynikiem
Percentyl według liczby udzielonych odpowiedzi
Twoja historia wyników
Nie rozwiązałeś tego quizu